Educational psychology / (Record no. 19701)

MARC details
000 -LEADER
fixed length control field 00835nam a2200277 a 4500
001 - CONTROL NUMBER
control field 4804454
003 - CONTROL NUMBER IDENTIFIER
control field OSt
005 - DATE AND TIME OF LATEST TRANSACTION
control field 20221026154845.0
008 - FIXED-LENGTH DATA ELEMENTS--GENERAL INFORMATION
fixed length control field 880426s1991 maua b 001 0 eng
010 ## - LIBRARY OF CONGRESS CONTROL NUMBER
LC control number 88081362
020 ## - INTERNATIONAL STANDARD BOOK NUMBER
International Standard Book Number 1616101541
040 ## - CATALOGING SOURCE
Original cataloging agency DLC
Transcribing agency DLC
Modifying agency DLC
050 00 - LIBRARY OF CONGRESS CALL NUMBER
Classification number LB1051
Item number .S45 2009
082 00 - DEWEY DECIMAL CLASSIFICATION NUMBER
Classification number 370.15
Edition number 20
100 1# - MAIN ENTRY--PERSONAL NAME
Personal name Seifert, Kelvin.
245 10 - TITLE STATEMENT
Title Educational psychology /
Statement of responsibility, etc. Kelvin Seifert.
250 ## - EDITION STATEMENT
Edition statement 2nd ed.
260 ## - PUBLICATION, DISTRIBUTION, ETC. (IMPRINT)
Date of publication, distribution, etc. 2009
300 ## - PHYSICAL DESCRIPTION
Extent 376 p. :
504 ## - BIBLIOGRAPHY, ETC. NOTE
Bibliography, etc Includes bibliographical references (p. 558-574) and indexes.
650 #0 - SUBJECT ADDED ENTRY--TOPICAL TERM
Topical term or geographic name as entry element Educational psychology.
700 ## - ADDED ENTRY--PERSONAL NAME
Personal name Sutton, Rosemary
906 ## - LOCAL DATA ELEMENT F, LDF (RLIN)
a 7
b cbc
c orignew
d 2
e opcn
f 19
g y-gencatlg
942 ## - ADDED ENTRY ELEMENTS (KOHA)
Source of classification or shelving scheme Library of Congress Classification
Koha item type General Collection
Holdings
Withdrawn status Lost status Source of classification or shelving scheme Not for loan Home library Current library Date acquired Cost, normal purchase price Total Checkouts Full call number Barcode Date last seen Date last checked out Price effective from Koha item type
    Library of Congress Classification   Kabarak, Main Campus Kabarak, Main Campus 26/10/2022 5665.00 1 LB1051 .S45 2009 c.1 032581 17/06/2025 10/06/2025 26/10/2022 General Collection
    Library of Congress Classification   Kabarak, Main Campus Kabarak, Main Campus 26/10/2022 5665.00   LB1051 .S45 2009 c.2 032377 26/10/2022   26/10/2022 General Collection
Designed with assistance from East African Informatics Ltd